Improving rights for flat owners (Record no. 68046)

MARC details
000 -LEADER
fixed length control field 00831cam a2200217 4500
001 - CONTROL NUMBER
control field ABS64402
008 - FIXED-LENGTH DATA ELEMENTS--GENERAL INFORMATION
fixed length control field 010821n2001 000 0 eng u
035 ## - SYSTEM CONTROL NUMBER
System control number (Sirsi) u114229
100 ## - MAIN ENTRY--PERSONAL NAME
Personal name Dear, B
245 ## - TITLE STATEMENT
Title Improving rights for flat owners
260 ## - PUBLICATION, DISTRIBUTION, ETC.
Date of publication, distribution, etc. 2001
490 ## - SERIES STATEMENT
Series statement New Law Journal
Volume/sequential designation 151(6995) 3 August 2001, 1152(1)
520 ## - SUMMARY, ETC.
Summary, etc. Examines the proposals contained in the draft Commonhold and Leasehold Reform Bill. The bill aims to reform flat ownership and management; however, due to the complexity of the regulatory infrastructure, commonhold may not be widely or speedily adopted.
590 ## - LOCAL NOTE (RLIN)
Local note ABS
650 ## - SUBJECT ADDED ENTRY--TOPICAL TERM
Topical term or geographic name entry element COMMONHOLD AND LEASEHOLD REFORM BILL
650 ## - SUBJECT ADDED ENTRY--TOPICAL TERM
Topical term or geographic name entry element LEASEHOLD REFORM
650 ## - SUBJECT ADDED ENTRY--TOPICAL TERM
Topical term or geographic name entry element FLAT OWNERSHIP
650 ## - SUBJECT ADDED ENTRY--TOPICAL TERM
Topical term or geographic name entry element FLAT MANAGEMENT
690 ## - LOCAL SUBJECT ADDED ENTRY--TOPICAL TERM (OCLC, RLIN)
Topical term or geographic name as entry element LANDLORD AND TENANT-LEASEHOLD REFORM
942 ## - ADDED ENTRY ELEMENTS (KOHA)
Suppress in OPAC 0
Holdings
Withdrawn status Lost status Source of classification or shelving scheme Damaged status Not for loan Home library Current library Shelving location Date acquired Total Checkouts Full call number Barcode Date last seen Copy number Price effective from Koha item type
    Dewey Decimal Classification     London London Journal article 21/08/2001   ABS64402 114229-1001 06/08/2019 1 06/08/2019 Journal article